[Event "Titled Tuesday intern op 23rd Apr Late"]
[Site "Chess.com INT"]
[Date "2024.04.23"]
[Round "10"]
[White "Gubajdullin, Alexey"]
[Black "Pinero Rodriguez, Carlos Jose"]
[Result "0-1"]
[WhiteElo "2229"]
[BlackElo "2284"]
[PlyCount "94"]
[EventDate "2024.04.23"]
[EventType "swiss (blitz)"]
[EventRounds "11"]
[EventCountry "USA"]
[SourceTitle "CB18_2024"]
[SourceDate "2024.05.01"]
[SourceVersion "1"]
[SourceVersionDate "2024.05.01"]
[SourceQuality "2"]

1. Nf3 Nf6 2. g3 g6 3. Bg2 Bg7 4. 0-0 0-0 5. d3 c5 6. Nbd2 Nc6 7. e4 d6 8. Re1 Bg4 9. h3 Bxf3 10. Nxf3 Nd7 11. c3 Rb8 12. d4 cxd4 13. cxd4 b5 14. d5 Na5 15. Rb1 b4 16. b3 Nb7 17. Nd4 Qb6 18. Nc6 Rbe8 19. Be3 Nbc5 20. Qd2 Bc3 21. Qe2 Bxe1 22. Rxe1 e5 23. Bh6 Nb8 24. Qf3 f6 25. Ne7+ Rxe7 26. Bxf8 Kxf8 27. Qxf6+ Rf7 28. Qh8+ Ke7 29. Re3 Nbd7 30. h4 Qb8 31. Qxb8 Nxb8 32. Bh3 h5 33. f3 a6 34. Kf2 a5 35. Ke2 Nba6 36. Bc8 Nc7 37. Bh3 Nb5 38. Kd2 Nc3 39. f4 exf4 40. gxf4 N3xe4+ 41. Kc2 Rxf4 42. Bc8 Kf6 43. Kc1 Rf2 44. Bh3 Nc3 45. Rg3 Ne2+ 46. Kd1 Nxg3 47. Ke1 Rxa2 0-1

[Event "Titled Tuesday intern op 23rd Apr Late"]
[Site "Chess.com INT"]
[Date "2024.04.23"]
[Round "1"]
[White "Skaric, Djuro"]
[Black "Pinero Rodriguez, Carlos Jose"]
[Result "0-1"]
[WhiteElo "2297"]
[BlackElo "2284"]
[PlyCount "76"]
[EventDate "2024.04.23"]
[EventType "swiss (blitz)"]
[EventRounds "11"]
[EventCountry "USA"]
[SourceTitle "CB18_2024"]
[SourceDate "2024.05.01"]
[SourceVersion "1"]
[SourceVersionDate "2024.05.01"]
[SourceQuality "2"]

1. g3 Nf6 2. Bg2 g6 3. d3 Bg7 4. Nc3 0-0 5. e4 c5 6. f4 d6 7. Nf3 Nc6 8. h3 Rb8 9. a4 a6 10. 0-0 b5 11. axb5 axb5 12. g4 b4 13. Ne2 Nd7 14. Ng3 Nd4 15. Nh4 Bb7 16. g5 Qb6 17. Kh1 Ra8 18. Rb1 Bc6 19. Be3 Ra2 20. c3 bxc3 21. bxc3 Nb5 22. Qb3 Qa5 23. f5 Ra3 24. Qb2 Bxc3 25. Qe2 Ra2 26. Qd1 Bd4 27. Bxd4 Nxd4 28. fxg6 hxg6 29. Rf4 Ne5 30. Qf1 Qd2 31. Rd1 Qe3 32. Nxg6 Nxg6 33. Rg4 Ne5 34. Nf5 Nxf5 35. Qxf5 Nxg4 36. hxg4 Qf2 37. Qxf2 Rxf2 38. g6 fxg6 0-1

[Event "Titled Tuesday intern op 23rd Apr Late"]
[Site "Chess.com INT"]
[Date "2024.04.23"]
[Round "8"]
[White "Vanczak, Tamas"]
[Black "Pinero Rodriguez, Carlos Jose"]
[Result "1-0"]
[WhiteElo "2424"]
[BlackElo "2284"]
[PlyCount "143"]
[EventDate "2024.04.23"]
[EventType "swiss (blitz)"]
[EventRounds "11"]
[EventCountry "USA"]
[SourceTitle "CB18_2024"]
[SourceDate "2024.05.01"]
[SourceVersion "1"]
[SourceVersionDate "2024.05.01"]
[SourceQuality "2"]

1. e4 c5 2. Nf3 e6 3. d4 cxd4 4. Nxd4 a6 5. Nc3 Qc7 6. Bd3 Nf6 7. Qe2 d6 8. Bd2 Be7 9. 0-0 Nbd7 10. a4 b6 11. Kh1 Bb7 12. Rae1 0-0 13. f4 g6 14. Rf3 e5 15. Nb3 exf4 16. Bxf4 Ne5 17. Rff1 Rfe8 18. Bg5 Nfg4 19. Qd2 Bxg5 20. Qxg5 Qe7 21. Qf4 Qh4 22. Nd4 Rf8 23. Be2 Rac8 24. h3 f5 25. Ne6 Rfe8 26. Qg5 Qxg5 27. Nxg5 Ne3 28. Rf2 Nxc2 29. Rc1 Nd4 30. exf5 Nxf5 31. Kh2 d5 32. g4 Ng7 33. Rd1 Rcd8 34. Nf3 Nc4 35. Nd4 Ne3 36. Rc1 Rf8 37. Rxf8+ Rxf8 38. Kg3 h5 39. Bf3 Rd8 40. Re1 Nc4 41. Re7 Ba8 42. Ra7 Nxb2 43. Rxa8 Rxa8 44. Bxd5+ Kf8 45. Bxa8 hxg4 46. hxg4 b5 47. axb5 axb5 48. Ncxb5 Nc4 49. Bd5 Ne5 50. Be4 Kf7 51. Kf4 Nd7 52. Bd5+ Kf6 53. g5+ Ke7 54. Nc6+ Kf8 55. Nc7 Nb6 56. Bb3 Nc8 57. Ne5 Ne7 58. Bf7 Nh5+ 59. Kg4 Kg7 60. Ne6+ Kh7 61. Nf8+ Kg7 62. Nfxg6 Nxg6 63. Bxg6 Nf6+ 64. Kf5 Nd5 65. Bf7 Ne7+ 66. Ke6 Nc8 67. Be8 Nb6 68. Bb5 Nc8 69. Kd7 Na7 70. Ba4 Kh7 71. Kc7 Kg7 72. Kb7 1-0

[Event "Titled Tuesday intern op 16th Apr Early"]
[Site "Chess.com INT"]
[Date "2024.04.16"]
[Round "1"]
[White "Grahn, Vidar"]
[Black "Pinero Rodriguez, Carlos Jose"]
[Result "0-1"]
[WhiteElo "2247"]
[BlackElo "2284"]
[PlyCount "102"]
[EventDate "2024.04.16"]
[EventType "swiss (blitz)"]
[EventRounds "11"]
[EventCountry "USA"]
[SourceTitle "CB17_2024"]
[SourceDate "2024.04.24"]
[SourceVersion "1"]
[SourceVersionDate "2024.04.24"]
[SourceQuality "1"]

1. d4 Nf6 2. c4 d6 3. Nf3 g6 4. Nc3 Bf5 5. g3 Ne4 6. Nh4 Nxc3 7. bxc3 Bd7 8. Bg2 Nc6 9. 0-0 Bg7 10. e4 0-0 11. Be3 b6 12. f4 Na5 13. Qe2 c5 14. Nf3 Rc8 15. Nd2 Qc7 16. Rac1 Be6 17. d5 Bd7 18. Bf2 Rfe8 19. h3 e6 20. Rfe1 exd5 21. cxd5 Re7 22. c4 Rce8 23. Nb3 Nxb3 24. axb3 f5 25. Qd3 fxe4 26. Bxe4 Bxh3 27. Bg2 Bf5 28. Qd2 h5 29. Rxe7 Rxe7 30. Re1 Qd8 31. Bf3 Qe8 32. Bd1 Rxe1+ 33. Qxe1 Qxe1+ 34. Bxe1 a6 35. Kg2 Kf7 36. Kf3 Bd4 37. Ke2 b5 38. Kd2 b4 39. Be2 Bc3+ 40. Kd1 Bxe1 41. Kxe1 Bc2 42. Bd1 Bxd1 43. Kxd1 Kf6 44. Ke2 Kf5 45. Kf3 a5 46. Ke3 Kg4 47. Kf2 a4 48. bxa4 b3 49. a5 b2 50. a6 b1Q 51. a7 Qa2+ 0-1

[Event "Titled Tuesday intern op 16th Apr Late"]
[Site "Chess.com INT"]
[Date "2024.04.16"]
[Round "4"]
[White "Pinero Rodriguez, Carlos Jose"]
[Black "Teiitbaev, Aktilek"]
[Result "1-0"]
[WhiteElo "2284"]
[BlackElo "2094"]
[PlyCount "83"]
[EventDate "2024.04.16"]
[EventType "swiss (blitz)"]
[EventRounds "11"]
[EventCountry "USA"]
[SourceTitle "CB17_2024"]
[SourceDate "2024.04.24"]
[SourceVersion "1"]
[SourceVersionDate "2024.04.24"]
[SourceQuality "1"]

1. e4 c6 2. Nf3 d5 3. exd5 cxd5 4. Ne5 Nd7 5. Bb5 Ngf6 6. 0-0 e6 7. d4 Be7 8. f4 0-0 9. Bd3 Ne4 10. Nd2 f5 11. c3 Ndf6 12. Ndf3 Bd7 13. Be3 Rc8 14. Nxd7 Nxd7 15. Qe2 a6 16. Rac1 b5 17. a4 bxa4 18. Bxa6 Rc7 19. c4 Qb8 20. c5 Qb4 21. Rc2 Rb8 22. Bd2 Qb3 23. Bd3 Bf6 24. Ra1 Ra8 25. Be1 Kf7 26. Bb5 a3 27. bxa3 Rxa3 28. Rxa3 Qxa3 29. g3 Qa1 30. Ra2 Qb1 31. Kg2 Rb7 32. Rb2 Qc1 33. c6 Rxb5 34. Qxb5 Nf8 35. Qb7+ Kg6 36. c7 Nd6 37. Qb6 Nd7 38. Qxd6 Qxb2+ 39. Bf2 Nb6 40. Qxb6 Qxb6 41. c8Q Qb5 42. Qxe6 1-0

[Event "Titled Tuesday intern op 02nd Apr Early"]
[Site "Chess.com INT"]
[Date "2024.04.02"]
[Round "9"]
[White "Afanasieva, Alexandra"]
[Black "Pinero Rodriguez, Carlos Jose"]
[Result "1-0"]
[WhiteElo "1914"]
[BlackElo "2284"]
[PlyCount "77"]
[EventDate "2024.04.02"]
[EventType "swiss (blitz)"]
[EventRounds "11"]
[EventCountry "USA"]
[SourceTitle "CB15_2024"]
[SourceDate "2024.04.10"]
[SourceVersion "1"]
[SourceVersionDate "2024.04.10"]
[SourceQuality "1"]

1. e4 c5 2. c4 e6 3. Nc3 a6 4. g3 Nf6 5. Bg2 Nc6 6. Nge2 d6 7. 0-0 Be7 8. d3 Bd7 9. f4 Qc7 10. h3 h5 11. Be3 Rb8 12. a3 b5 13. b3 b4 14. axb4 Nxb4 15. f5 e5 16. Nd5 Nbxd5 17. exd5 Qb6 18. Nc3 Qxb3 19. Rb1 Qb4 20. Rxb4 cxb4 21. Ne4 Nxe4 22. Bxe4 a5 23. d4 Bf6 24. c5 Bb5 25. Re1 a4 26. dxe5 Bxe5 27. Bd4 0-0 28. Bxe5 dxe5 29. c6 b3 30. c7 Rb6 31. Qc1 Ba6 32. Qc5 Rf6 33. Bd3 Bc8 34. Bb5 Bxf5 35. Bxa4 b2 36. Bc2 Bxh3 37. d6 Ra8 38. Qxe5 g6 39. Qxf6 1-0

[Event "Titled Tuesday intern op 02nd Apr Early"]
[Site "Chess.com INT"]
[Date "2024.04.02"]
[Round "2"]
[White "Baruch, Liam"]
[Black "Pinero Rodriguez, Carlos Jose"]
[Result "0-1"]
[WhiteElo "1831"]
[BlackElo "2284"]
[PlyCount "98"]
[EventDate "2024.04.02"]
[EventType "swiss (blitz)"]
[EventRounds "11"]
[EventCountry "USA"]
[SourceTitle "CB15_2024"]
[SourceDate "2024.04.10"]
[SourceVersion "1"]
[SourceVersionDate "2024.04.10"]
[SourceQuality "1"]

1. e4 c5 2. Nf3 e6 3. d4 cxd4 4. Nxd4 a6 5. Nc3 Qc7 6. Be2 Nf6 7. 0-0 Be7 8. Be3 d6 9. f4 Nbd7 10. g4 Nc5 11. Bf3 h6 12. e5 dxe5 13. fxe5 Qxe5 14. Bf4 Qxf4 15. Bc6+ bxc6 16. Rxf4 e5 17. Rf1 exd4 18. Qxd4 Ne6 19. Qa4 0-0 20. Ne4 Nxg4 21. Nf2 Ne5 22. Ng4 Nxg4 23. Qxg4 c5 24. Qe4 Rb8 25. Qe5 Rb4 26. Rf2 Bb7 27. h3 Re4 28. Qg3 c4 29. Rg2 Bc5+ 30. Kh2 Re3 31. Qg4 Ng5 32. h4 Rh3+ 33. Qxh3 Nxh3 34. Kxh3 Bxg2+ 35. Kxg2 Rd8 36. Kf3 Rd2 37. Rc1 f5 38. Kf4 g6 39. h5 Bd6+ 40. Ke3 Rg2 41. hxg6 Kg7 42. Rd1 Be5 43. b3 Rxc2 44. bxc4 Rxc4 45. Rd5 Bf6 46. Rd7+ Kxg6 47. Rd6 Ra4 48. Rd2 Bg5+ 49. Kd3 Bxd2 0-1

[Event "Titled Tuesday intern op 02nd Apr Late"]
[Site "Chess.com INT"]
[Date "2024.04.02"]
[Round "3"]
[White "Pinero Rodriguez, Carlos Jose"]
[Black "Stillger, Bernhard"]
[Result "1-0"]
[WhiteElo "2284"]
[BlackElo "2256"]
[PlyCount "99"]
[EventDate "2024.04.02"]
[EventType "swiss (blitz)"]
[EventRounds "11"]
[EventCountry "USA"]
[SourceTitle "CB15_2024"]
[SourceDate "2024.04.10"]
[SourceVersion "1"]
[SourceVersionDate "2024.04.10"]
[SourceQuality "1"]

1. e4 c6 2. d3 d5 3. Nd2 e5 4. Ngf3 Bd6 5. g3 Nf6 6. Bg2 0-0 7. 0-0 Nbd7 8. Re1 dxe4 9. dxe4 Qe7 10. c3 a5 11. Nc4 Bc7 12. Nh4 Nb6 13. Ne3 g6 14. Qc2 Rd8 15. Nf1 Kg7 16. h3 a4 17. Bg5 h6 18. Be3 Nc4 19. Bc1 Be6 20. Rb1 Qd7 21. Kh2 Qd3 22. Qxd3 Rxd3 23. Ra1 Rad8 24. Ne3 Bb6 25. Bf1 Nxe3 26. Bxe3 Bxe3 27. Bxd3 Rxd3 28. Rxe3 Rd2 29. Kg1 Rxb2 30. a3 Nd7 31. g4 Nb6 32. Nf3 Nc4 33. Rd3 Rb3 34. Kg2 Kf6 35. Kg3 b5 36. h4 g5 37. hxg5+ hxg5 38. Rh1 Rxa3 39. Rh8 Rb3 40. Rg8 a3 41. Nxg5 a2 42. Rdd8 Rxc3+ 43. Kh4 Bd7 44. Rxd7 Nd6 45. Rxd6+ Ke7 46. Rgd8 a1Q 47. R8d7+ Ke8 48. Nxf7 Qh1+ 49. Kg5 Rf3 50. Nxe5 1-0

[Event "Titled Tuesday intern op 12th Mar Early"]
[Site "Chess.com INT"]
[Date "2024.03.12"]
[Round "11"]
[White "Ghafourian, Amir Ali"]
[Black "Pinero Rodriguez, Carlos Jose"]
[Result "1-0"]
[WhiteElo "2113"]
[BlackElo "2284"]
[PlyCount "51"]
[EventDate "2024.03.12"]
[EventType "swiss (blitz)"]
[EventRounds "11"]
[EventCountry "USA"]
[SourceTitle "CB12_2024"]
[SourceDate "2023.10.01"]
[SourceVersion "1"]
[SourceVersionDate "2023.10.01"]
[SourceQuality "1"]

1. e4 c5 2. Nf3 e6 3. d4 cxd4 4. Nxd4 a6 5. Bd3 Qc7 6. Qe2 d6 7. 0-0 Nf6 8. f4 Nbd7 9. c4 b6 10. b3 Bb7 11. Nc3 Be7 12. Bb2 Rc8 13. Rae1 g6 14. Kh1 h5 15. Nf3 h4 16. Ng5 Nc5 17. Bb1 Nh5 18. Nd5 exd5 19. Bxh8 Nxf4 20. Rxf4 Bxg5 21. exd5+ Kf8 22. Rff1 Kg8 23. Ba1 Rf8 24. Bxg6 fxg6 25. Rxf8+ Kxf8 26. Qe8# 1-0

[Event "Titled Tuesday intern op 12th Mar Early"]
[Site "Chess.com INT"]
[Date "2024.03.12"]
[Round "1"]
[White "Singgih, Diajeng Theresa"]
[Black "Pinero Rodriguez, Carlos Jose"]
[Result "0-1"]
[WhiteElo "1926"]
[BlackElo "2284"]
[PlyCount "88"]
[EventDate "2024.03.12"]
[EventType "swiss (blitz)"]
[EventRounds "11"]
[EventCountry "USA"]
[SourceTitle "CB12_2024"]
[SourceDate "2023.10.01"]
[SourceVersion "1"]
[SourceVersionDate "2023.10.01"]
[SourceQuality "1"]

1. e4 c5 2. Nf3 e6 3. c3 Nf6 4. Bd3 Nc6 5. Bc2 d5 6. exd5 Nxd5 7. 0-0 Be7 8. d4 cxd4 9. Nxd4 Bd7 10. Nb5 a6 11. Nd4 Nxd4 12. cxd4 Rc8 13. a3 0-0 14. Qd3 g6 15. Bh6 Re8 16. Nc3 Nxc3 17. bxc3 Bb5 18. Qe3 Bxf1 19. Rxf1 Qc7 20. Be4 b5 21. Rc1 Bxa3 22. Rc2 Be7 23. g3 a5 24. h4 a4 25. h5 Bf6 26. hxg6 hxg6 27. Qf3 Bg7 28. Bf4 Qd7 29. Kg2 a3 30. Ra2 Qe7 31. Bc1 b4 32. cxb4 Rxc1 33. Qxa3 Rc4 34. Qb3 Rxb4 35. Qf3 Rxd4 36. Re2 Qf6 37. Qe3 Red8 38. Re1 Rd2 39. Rh1 Qd4 40. Qf4 Rxf2+ 41. Qxf2 Qxe4+ 42. Kh2 Rb8 43. Kh3 Qxh1+ 44. Kg4 Rb4+ 0-1

[Event "Titled Tuesday intern op 27th Feb Late"]
[Site "Chess.com INT"]
[Date "2024.02.27"]
[Round "2"]
[White "Pinero Rodriguez, Carlos Jose"]
[Black "Kadric, Denis"]
[Result "0-1"]
[WhiteElo "2242"]
[BlackElo "2586"]
[PlyCount "98"]
[EventDate "2024.02.27"]
[EventType "swiss (blitz)"]
[EventRounds "11"]
[EventCountry "USA"]
[SourceTitle "CB10_2024"]
[SourceDate "2024.03.06"]
[SourceVersion "1"]
[SourceVersionDate "2024.03.06"]
[SourceQuality "1"]

1. e4 d6 2. d4 Nf6 3. Nc3 e5 4. Nf3 Nbd7 5. Bc4 Be7 6. 0-0 0-0 7. h3 c6 8. a4 h6 9. Qe2 exd4 10. Nxd4 Re8 11. Ba2 Bf8 12. Qf3 Nc5 13. Re1 d5 14. e5 Nh7 15. Bf4 Qh4 16. Rad1 a5 17. Qg3 Qxg3 18. Bxg3 Ng5 19. f3 Nge6 20. Nce2 Nxd4 21. Rxd4 Bf5 22. Bb1 Nd7 23. Rdd1 Bg6 24. f4 Nc5 25. b3 Ne4 26. c3 Bc5+ 27. Kh2 Re7 28. Bh4 Ree8 29. g4 Bh7 30. Bxe4 Bxe4 31. Nd4 Ra6 32. Rd2 g5 33. Bg3 gxf4 34. Bxf4 Kh7 35. Kg3 Bf8 36. Nf5 Rb6 37. Nd4 Bg7 38. Nf3 Rxb3 39. Nd4 Rxc3+ 40. Kh2 Bxe5 41. Bxe5 Rxe5 42. Rf2 Kg8 43. Ref1 Bg6 44. Nf5 Bxf5 45. gxf5 Ree3 46. Rg2+ Kf8 47. Kg1 Rxh3 48. Re1 Rhg3 49. Rb1 Rb3 0-1

[Event "Titled Tuesday intern op 13th Feb Late"]
[Site "Chess.com INT"]
[Date "2024.02.13"]
[Round "6"]
[White "Pinero Rodriguez, Carlos Jose"]
[Black "Spitzl, Vinzent"]
[Result "1-0"]
[WhiteElo "2242"]
[BlackElo "2365"]
[PlyCount "81"]
[EventDate "2024.02.13"]
[EventType "swiss (blitz)"]
[EventRounds "11"]
[EventCountry "USA"]
[SourceTitle "CB08_2024"]
[SourceDate "2024.02.21"]
[SourceVersion "1"]
[SourceVersionDate "2024.02.21"]
[SourceQuality "1"]

1. e4 c5 2. Nf3 d6 3. d4 cxd4 4. Nxd4 Nf6 5. Nc3 a6 6. Bg5 e6 7. f4 Qc7 8. Qe2 b5 9. 0-0-0 Bb7 10. a3 Nbd7 11. Nf3 Rb8 12. Qe1 h6 13. Bh4 g5 14. fxg5 hxg5 15. Bxg5 Ng4 16. h3 Bg7 17. Bd3 Nge5 18. Kb1 Bc6 19. Ne2 Nxf3 20. gxf3 a5 21. Qg3 b4 22. a4 Nc5 23. Bd8 Rxd8 24. Qxg7 Ke7 25. Qg5+ Kd7 26. Bb5 Kc8 27. Bxc6 Qxc6 28. b3 Rhg8 29. Qe3 Rg2 30. Rdg1 Rdg8 31. Rxg2 Rxg2 32. h4 d5 33. h5 dxe4 34. h6 exf3 35. Nd4 Qe4 36. Qxe4 Nxe4 37. h7 f2 38. h8Q+ Kc7 39. Nb5+ Kd7 40. Rd1+ Kc6 41. Qc8+ 1-0

[Event "Titled Tuesday intern op 13th Feb Early"]
[Site "Chess.com INT"]
[Date "2024.02.13"]
[Round "3"]
[White "Pinero Rodriguez, Carlos Jose"]
[Black "Ter Sahakyan, Samvel"]
[Result "0-1"]
[WhiteElo "2242"]
[BlackElo "2640"]
[PlyCount "60"]
[EventDate "2024.02.13"]
[EventType "swiss (blitz)"]
[EventRounds "11"]
[EventCountry "USA"]
[SourceTitle "CB08_2024"]
[SourceDate "2024.02.21"]
[SourceVersion "1"]
[SourceVersionDate "2024.02.21"]
[SourceQuality "1"]

1. e4 c5 2. Nf3 e6 3. g3 d5 4. exd5 exd5 5. Bg2 Qe7+ 6. Kf1 Nc6 7. h3 Nf6 8. Kg1 Qc7 9. d4 cxd4 10. Nxd4 Bc5 11. Be3 Qb6 12. c3 Bxd4 13. cxd4 Qxb2 14. Nd2 Bf5 15. Qc1 Qxc1+ 16. Rxc1 0-0 17. Kh2 h6 18. Nb3 Rac8 19. Nc5 b6 20. Nb3 Nb4 21. a3 Nc2 22. Bf4 Rc3 23. Nd2 Rfc8 24. Be5 Be6 25. a4 Nd7 26. Rhe1 Nxe5 27. Rxe5 Nxd4 28. Rxc3 Rxc3 29. Bxd5 Rc5 30. Rxe6 fxe6 0-1